Countries of the World in Alphabetical Order - Statistics

General Stats
  • This quiz has been taken 51 times
  • The average score is 91 of 196
Answer Stats
Country % Correct
Afghanistan
97%
Albania
94%
Andorra
71%
Algeria
68%
Angola
61%
Australia
61%
Austria
61%
Brazil
61%
Cameroon
61%
Armenia
58%
Azerbaijan
58%
Belarus
58%
Belgium
58%
Belize
58%
Benin
58%
Burundi
58%
Canada
58%
Cape Verde
58%
Antigua & Barbuda
55%
Argentina
55%
Bahamas
55%
Bolivia
55%
Bosnia & Herzegovina
55%
Bulgaria
55%
Burkina Faso
55%
Chile
55%
China
55%
Denmark
55%
Djibouti
55%
Dominica
55%
Dominican Republic
55%
Estonia
55%
Bahrain
52%
Botswana
52%
Brunei
52%
Chad
52%
Costa Rica
52%
Cyprus
52%
East Timor
52%
Eritrea
52%
Ethiopia
52%
Finland
52%
Guyana
52%
Indonesia
52%
Japan
52%
Kazakhstan
52%
Liechtenstein
52%
Oman
52%
Qatar
52%
Bangladesh
48%
Barbados
48%
Bhutan
48%
Cambodia
48%
Colombia
48%
Comoros
48%
Cuba
48%
Democratic Republic of the Congo
48%
Ecuador
48%
Egypt
48%
Eswatini
48%
Gabon
48%
Gambia
48%
Ghana
48%
Guinea
48%
Guinea-Bissau
48%
Haiti
48%
Honduras
48%
Hungary
48%
Iceland
48%
India
48%
Iran
48%
Iraq
48%
Ireland
48%
Israel
48%
Jamaica
48%
Jordan
48%
Kosovo
48%
Kyrgyzstan
48%
Latvia
48%
Luxembourg
48%
Moldova
48%
Namibia
48%
Palau
48%
Russia
48%
Rwanda
48%
Uganda
48%
Uruguay
48%
Yemen
48%
Zimbabwe
48%
Croatia
45%
Czech Republic
45%
El Salvador
45%
Equatorial Guinea
45%
France
45%
Germany
45%
Ivory Coast
45%
Kenya
45%
Kuwait
45%
Laos
45%
Lithuania
45%
Madagascar
45%
Maldives
45%
Mali
45%
Malta
45%
Mauritania
45%
Mexico
45%
Mongolia
45%
Niger
45%
Nigeria
45%
North Korea
45%
Norway
45%
Pakistan
45%
Paraguay
45%
Peru
45%
Philippines
45%
Romania
45%
United States of America
45%
Vatican City
45%
Venezuela
45%
Vietnam
45%
Zambia
45%
Federated States of Micronesia
42%
Fiji
42%
Georgia
42%
Guatemala
42%
Kiribati
42%
Lebanon
42%
Lesotho
42%
Liberia
42%
Libya
42%
Malawi
42%
Malaysia
42%
Marshall Islands
42%
Mauritius
42%
Monaco
42%
Montenegro
42%
Morocco
42%
Nauru
42%
Nepal
42%
Netherlands
42%
New Zealand
42%
North Macedonia
42%
Panama
42%
Republic of the Congo
42%
Saint Kitts & Nevis
42%
South Sudan
42%
Suriname
42%
Turkey
42%
United Arab Emirates
42%
United Kingdom
42%
Uzbekistan
42%
Vanuatu
42%
Central African Republic
39%
Greece
39%
Grenada
39%
Italy
39%
Mozambique
39%
Myanmar
39%
Nicaragua
39%
Poland
39%
Portugal
39%
Saint Lucia
39%
Saint Vincent & the Grenadines
39%
Samoa
39%
Senegal
39%
Seychelles
39%
Slovakia
39%
Slovenia
39%
Somalia
39%
South Africa
39%
South Korea
39%
Sri Lanka
39%
Sudan
39%
Sweden
39%
Syria
39%
Taiwan
39%
Tajikistan
39%
Tanzania
39%
Thailand
39%
Togo
39%
Trinidad & Tobago
39%
Turkmenistan
39%
Tuvalu
39%
San Marino
35%
São Tomé & Príncipe
35%
Saudi Arabia
35%
Serbia
35%
Singapore
35%
Solomon Islands
35%
Spain
35%
Switzerland
35%
Ukraine
35%
Papua New Guinea
32%
Sierra Leone
32%
Tonga
32%
Tunisia
32%
No matching quizzes found
Score Distribution
Percent of People with Each Score
Percentile by Number Answered
Your Score History
You have not taken this quiz